Przed II Wojną Światową.... Czy Po? - Statystyki

Ogólne statystyki
  • Ten quiz został rozwiązany 146 razy
  • Średni wynik to 11 z 15
Statystyki odpowiedzi
Zagadnienie Odpowiedź % Poprawnych
Józef Stalin Umiera Po
100%
Wieża Eiffla Przed
87%
Odkrycie penicyliny Przed
87%
Zatonięcie Titanica Przed
85%
Pierwszy lot naddźwiękowy Po
83%
Indie uzyskują niepodległość od Wielkiej Brytanii Po
83%
Liczba ludności na świecie przekracza 1 miliard Przed
83%
Albert Einstein umiera Po
78%
Królowa Elżbieta II koronowana na krolową Po
78%
Elvis nagrywa swój pierwszy hit #1 "Heartbreak Hotel" Po
76%
Disneyland, który otworzył się w Anaheim, Kalifornia Po
74%
Pierwsze wejście na Mount Everest Po
59%
Hawaje stają się 50. stanem USA Po
57%
Założenie British Broadcasting Corporation (BBC) Przed
52%
Superman debiutuje jako postać z komiksu Przed
52%
Nie znaleziono quizów pasujących do podanych kryteriów
Rozkład punktacji
Procent ludzi z każdym wynikiem
Percentyl według liczby udzielonych odpowiedzi
Twoja historia wyników
Nie rozwiązałeś tego quizu